000 00454nam a2200181 4500
003 LK-CoMWRAF
005 20231230113259.0
008 230828b1999 |||||||| |||| 00| 0 eng d
020 _a0195649362
040 _aLK-CoMWRAF
_dLK-CoMWRAF
_eLK-CoMWRAF
041 _aeng
082 _a428
_bRAJ
100 _aRajeevan, K.
110 _aGunashekar, Paul
245 _aNew Wave : Primer B
260 _aNew York
_bOxford University Press
_c1999
942 _cBK
999 _c3290
_d3290